| 000 | 00665nam a2200157Ia 4500 | ||
|---|---|---|---|
| 008 | 100122s9999 xx 000 0 und d | ||
| 082 |
_b43612 _a808.801 |
||
| 100 | _aपवार दया | ||
| 245 | _aदया पवार यांच्या साहित्याचा अभ्यास | ||
| 260 |
_bविमल प्रकाशन _c1989 |
||
| 300 | _a179 | ||
| 630 | _aदया पवार यांच्या साहित्याचा अभ्यास | ||
| 700 | _aखांडगे भास्कर | ||
| 730 | _aदया पवार यांच्या साहित्याचा अभ्यास | ||
| 942 | _cBOOK | ||
| 999 |
_c423632 _d423629 |
||